[Event "GRE-chT 49th"]
[Site "Thessaloniki"]
[Date "2022.08.15"]
[Round "5.2"]
[White "Makridis, Dimitrios"]
[Black "Gavriil, Odysseas Panagiotis"]
[Result "1-0"]
[WhiteElo "2394"]
[BlackElo "1986"]
[PlyCount "69"]
[EventDate "2022.08.12"]
[EventType "team-swiss"]
[EventRounds "7"]
[EventCountry "GRE"]
[SourceTitle "CBM 209 Extra"]
[Source "ChessBase"]
[SourceDate "2022.09.30"]
[SourceVersion "1"]
[SourceVersionDate "2022.09.30"]
[SourceQuality "1"]
[WhiteTeam "Evoiki ES"]
[BlackTeam "Amo Galaxias"]
[WhiteTeamCountry "GRE"]
[BlackTeamCountry "GRE"]

1. e4 Nf6 2. e5 Nd5 3. c4 Nb6 4. d4 d6 5. exd6 cxd6 6. Nc3 g6 7. Be3 Bg7 8. Nf3 0-0 9. Be2 Bg4 10. 0-0 Nc6 11. b3 e5 12. dxe5 dxe5 13. Rc1 Re8 14. h3 Bf5 15. c5 Nc8 16. g4 Be6 17. Ng5 Nd4 18. Nxe6 Rxe6 19. Bc4 Rc6 20. Ne4 h6 21. Bxd4 exd4 22. Qf3 Rc7 23. Qf4 Rd7 24. g5 hxg5 25. Nxg5 Qf6 26. Qh4 b5 27. Rfe1 Nd6 28. Bxf7+ Rxf7 29. cxd6 Qxd6 30. Nxf7 Kxf7 31. Qe4 Rd8 32. Rc6 Qd5 33. Qe7+ Kg8 34. Rxg6 Qf7 35. Qxd8+ 1-0

[Event "GRE-ch South U16"]
[Site "Athens"]
[Date "2020.08.29"]
[Round "2"]
[White "Leftheriotis, Alexandros"]
[Black "Gavriil, Odysseas Panagiotis"]
[Result "0-1"]
[WhiteElo "2022"]
[BlackElo "2069"]
[PlyCount "148"]
[EventDate "2020.08.28"]
[EventType "swiss"]
[EventRounds "9"]
[EventCountry "GRE"]
[SourceTitle "EXT 2023"]
[Source "ChessBase"]
[SourceDate "2022.10.05"]
[SourceVersion "1"]
[SourceVersionDate "2022.10.05"]
[SourceQuality "1"]

1. e4 c5 2. Nf3 Nc6 3. Bb5 g6 4. 0-0 Bg7 5. Re1 Nf6 6. c3 0-0 7. h3 d5 8. e5 Ne8 9. d4 Nc7 10. Bxc6 bxc6 11. Be3 Ne6 12. dxc5 a5 13. Qd2 Rb8 14. Na3 Qc7 15. Rab1 Ba6 16. Nc2 Rb7 17. b4 Rfb8 18. a4 Ra8 19. Bh6 Bxh6 20. Qxh6 Bd3 21. Ncd4 Nf8 22. Rbd1 Be4 23. Ng5 axb4 24. f3 Bf5 25. Nxf5 gxf5 26. Rd4 f6 27. Nxh7 Nxh7 28. Qg6+ Kh8 29. Qxf5 e6 30. Qxe6 fxe5 31. Rxe5 bxc3 32. Re2 Rb1+ 33. Kf2 Rb2 34. Rg4 Rab8 35. Qe3 Qf7 36. Qxc3+ Qf6 37. Qxf6+ Nxf6 38. Rg6 Rxe2+ 39. Kxe2 Rf8 40. Kd3 Kh7 41. Rg5 Nd7 42. a5 Nxc5+ 43. Kc3 Rf4 44. Re5 Rc4+ 45. Kd2 Nb3+ 46. Kd3 Nxa5 47. g4 Nb3 48. h4 Nd4 49. f4 Nf3 50. Re7+ Kg8 51. h5 Rxf4 52. Ke3 Rf6 53. h6 Nh4 54. Re8+ Kh7 55. g5 Nf5+ 56. Kf4 Rf7 57. Kg4 Ne7 58. Kh5 c5 59. Rd8 Ng6 60. Rd6 Nf4+ 61. Kg4 c4 62. g6+ Nxg6 63. Rxd5 Kxh6 64. Rh5+ Kg7 65. Rc5 Rf1 66. Kg5 Rg1+ 67. Kf5 Rc1 68. Rc7+ Kh6 69. Ke4 Rg1 70. Kd4 Rg4+ 71. Kd5 Nf4+ 72. Ke5 Ne2 73. Kf5 Rf4+ 74. Ke5 Kg6 0-1

[Event "GRE-ch U20"]
[Site "Trikala"]
[Date "2020.08.23"]
[Round "9"]
[White "Gavriil, Odysseas Panagiotis"]
[Black "Kyparissopoulos, Spyridon"]
[Result "1-0"]
[WhiteElo "2069"]
[BlackElo "1426"]
[PlyCount "93"]
[EventDate "2020.08.17"]
[EventType "swiss"]
[EventRounds "9"]
[EventCountry "GRE"]
[SourceTitle "CBM 198 Extra"]
[Source "ChessBase"]
[SourceDate "2020.11.30"]
[SourceVersion "1"]
[SourceVersionDate "2020.11.30"]
[SourceQuality "1"]

1. e4 c5 2. Nf3 d6 3. d4 cxd4 4. Nxd4 Nf6 5. Nc3 a6 6. h3 e5 7. Nb3 h5 8. Bg5 Be6 9. Be2 Nbd7 10. Nd5 Bxd5 11. exd5 Be7 12. 0-0 Qc7 13. f4 Qb6+ 14. Kh2 Ng4+ 15. Bxg4 hxg4 16. Qxg4 f6 17. Bh4 0-0-0 18. Bf2 Qb4 19. c4 Kb8 20. Rac1 g5 21. f5 Rde8 22. Kg1 Rh7 23. Rfe1 Reh8 24. Re4 Nc5 25. Nxc5 dxc5 26. Qe2 Qa4 27. a3 Qd7 28. Qf3 Kc8 29. Rb1 a5 30. Rg4 Kd8 31. b4 b6 32. bxa5 bxa5 33. Rb5 Qa7 34. Qb3 Bd6 35. Qa4 Rb7 36. Re4 Rxb5 37. Qxb5 Rh7 38. Be1 a4 39. Qc6 Rd7 40. h4 Qb7 41. hxg5 Qb1 42. Qa8+ Kc7 43. Qa5+ Kc8 44. Rh4 Bc7 45. Qa8+ Bb8 46. Rh8+ Rd8 47. Qa6+ 1-0

[Event "Thessaloniki Vardaris op 6th"]
[Site "Thessaloniki"]
[Date "2020.02.27"]
[Round "1"]
[White "Makris, Spyridon Dionysios"]
[Black "Gavriil, Odysseas Panagiotis"]
[Result "1-0"]
[WhiteElo "1959"]
[BlackElo "2136"]
[PlyCount "71"]
[EventDate "2020.02.27"]
[EventType "swiss"]
[EventRounds "7"]
[EventCountry "GRE"]
[SourceTitle "CBM 195 Extra"]
[Source "ChessBase"]
[SourceDate "2020.05.31"]
[SourceVersion "1"]
[SourceVersionDate "2020.05.31"]
[SourceQuality "1"]

1. d4 Nf6 2. c4 g6 3. Nc3 Bg7 4. e4 0-0 5. Nf3 d6 6. Be2 e5 7. d5 a5 8. Bg5 h6 9. Bh4 g5 10. Bg3 Nh5 11. Nd2 Nf4 12. Bxf4 exf4 13. 0-0 Na6 14. Bg4 Nc5 15. g3 Qf6 16. Bxc8 Raxc8 17. Qg4 Nd3 18. Qe2 Ne5 19. Nf3 Nxf3+ 20. Qxf3 fxg3 21. fxg3 Qd4+ 22. Kh1 Qxc4 23. h4 Rce8 24. hxg5 hxg5 25. Rae1 f5 26. exf5 g4 27. Qd1 Rxe1 28. Qxe1 Bxc3 29. Qe6+ Rf7 30. Rf4 Qd3 31. bxc3 Qd1+ 32. Kg2 Qd2+ 33. Rf2 Qxc3 34. f6 Qd4 35. Qe8+ Rf8 36. Qg6+ 1-0

[Event "GRE-chT U16"]
[Site "Thessaloniki"]
[Date "2019.11.29"]
[Round "2.1"]
[White "Gavriil, Odysseas Panagiotis"]
[Black "Tsarsitalidis, Konstantinos"]
[Result "1/2-1/2"]
[WhiteElo "2122"]
[BlackElo "2052"]
[PlyCount "98"]
[EventDate "2019.11.28"]
[EventType "team-swiss"]
[EventRounds "6"]
[EventCountry "GRE"]
[SourceTitle "CBM 193 Extra"]
[Source "ChessBase"]
[SourceDate "2020.01.31"]
[SourceVersion "1"]
[SourceVersionDate "2020.01.31"]
[SourceQuality "1"]
[WhiteTeam "Thessaloniki Galaxias"]
[BlackTeam "Thessaloniki ES"]
[WhiteTeamCountry "GRE"]
[BlackTeamCountry "GRE"]

1. Nf3 Nf6 2. g3 g6 3. Bg2 Bg7 4. 0-0 0-0 5. d4 d5 6. c3 Nbd7 7. Nbd2 c5 8. Re1 Re8 9. e4 dxe4 10. Nxe4 Nxe4 11. Rxe4 cxd4 12. Nxd4 Nc5 13. Re1 e5 14. Nc2 Nd3 15. Rf1 e4 16. Ne1 Nxc1 17. Qxc1 f5 18. Nc2 Qb6 19. Rd1 Be6 20. Nd4 Bf7 21. b3 Rac8 22. Qe3 Red8 23. Bf1 Rxc3 24. Qxc3 Bxd4 25. Rxd4 Qxd4 26. Rc1 Qxc3 27. Rxc3 Rd7 28. Bb5 Re7 29. Bc4 Bxc4 30. Rxc4 Rd7 31. Kf1 Kf7 32. Ke2 Kf6 33. f3 Re7 34. Ke3 exf3+ 35. Kxf3 g5 36. h3 Rd7 37. Ke2 b6 38. Rc8 h6 39. Rc6+ Kg7 40. a4 f4 41. gxf4 gxf4 42. Rc4 Re7+ 43. Kf3 Re3+ 44. Kxf4 Rxh3 45. Rc7+ Kf6 46. Rxa7 Rxb3 47. a5 Rb4+ 48. Kg3 bxa5 49. Rxa5 Re4 1/2-1/2

[Event "Kavala op 28th"]
[Site "Kavala"]
[Date "2019.08.10"]
[Round "8"]
[White "Gavriil, Odysseas Panagiotis"]
[Black "Kazantzidis, Ilias"]
[Result "0-1"]
[WhiteElo "2096"]
[BlackElo "2231"]
[PlyCount "90"]
[EventDate "2019.08.04"]
[EventType "swiss"]
[EventRounds "9"]
[EventCountry "GRE"]
[SourceTitle "CBM 191 Extra"]
[Source "ChessBase"]
[SourceDate "2019.09.30"]
[SourceVersion "1"]
[SourceVersionDate "2019.09.30"]
[SourceQuality "1"]

1. Nf3 d5 2. b3 Nf6 3. Bb2 e6 4. e3 Be7 5. d4 0-0 6. Bd3 c5 7. 0-0 Nc6 8. Ne5 Qc7 9. a3 b6 10. Nd2 Bb7 11. Qe2 Nxe5 12. dxe5 Ne4 13. Nxe4 dxe4 14. Ba6 Bxa6 15. Qxa6 c4 16. Bd4 Rfc8 17. f3 Bc5 18. b4 Bxd4 19. exd4 Qc6 20. b5 Qd7 21. c3 exf3 22. Rxf3 Rc7 23. Raf1 Qe8 24. Rh3 h6 25. Rg3 Rd8 26. Qa4 Rd5 27. Rb1 a5 28. h3 Rc8 29. h4 Qe7 30. h5 Qh4 31. Rh3 Qe4 32. Rf1 Rc7 33. Kh2 Qe2 34. Rff3 Qb2 35. Rhg3 Qb3 36. Qxb3 cxb3 37. a4 Rc4 38. Rf4 Rxa4 39. c4 Rxc4 40. Rxb3 Rcxd4 41. Rff3 Rc4 42. Rfd3 Rcc5 43. Rxd5 Rxd5 44. Rc3 Rxe5 45. Rc8+ Kh7 0-1

[Event "GRE-chT 47th"]
[Site "Patras"]
[Date "2019.07.06"]
[Round "7.2"]
[White "Stefanou, Dimitrios"]
[Black "Gavriil, Odysseas Panagiotis"]
[Result "0-1"]
[WhiteElo "1975"]
[BlackElo "2038"]
[PlyCount "110"]
[EventDate "2019.07.02"]
[EventType "team-swiss"]
[EventRounds "7"]
[EventCountry "GRE"]
[SourceTitle "CBM 191 Extra"]
[Source "ChessBase"]
[SourceDate "2019.09.30"]
[SourceVersion "1"]
[SourceVersionDate "2019.09.30"]
[SourceQuality "1"]
[WhiteTeam "Kavalas"]
[BlackTeam "Amo Galaxias"]
[WhiteTeamCountry "GRE"]
[BlackTeamCountry "GRE"]

1. d4 Nf6 2. Nf3 d6 3. g3 Nbd7 4. Bg2 e5 5. 0-0 Be7 6. b3 c6 7. Bb2 Qc7 8. c4 0-0 9. Nc3 Re8 10. Qc2 Bf8 11. e3 b6 12. Rfd1 Bb7 13. Rac1 Rad8 14. b4 a6 15. Qb3 Qb8 16. a4 c5 17. b5 a5 18. dxe5 dxe5 19. Nd5 Bxd5 20. cxd5 Ne4 21. Nd2 Nd6 22. e4 g6 23. Nc4 Bh6 24. Rc2 Re7 25. Re2 Rf8 26. Bh3 f6 27. Rf1 Kh8 28. Be6 Rfe8 29. Kh1 Nxc4 30. Qxc4 Qd6 31. Bc3 Nf8 32. Bh3 Rf7 33. Qb3 Rc7 34. Qb2 g5 35. Bf5 Ng6 36. f3 c4 37. Ref2 Kg8 38. Rd1 Bf8 39. Qc1 Rd8 40. Kg2 Kg7 41. Bxg6 hxg6 42. f4 gxf4 43. gxf4 Re8 44. fxe5 fxe5 45. Qg5 Qe7 46. Qxe7+ Rcxe7 47. Rdf1 Rd7 48. Rf6 Bd6 49. Kg3 Bb4 50. Bxb4 axb4 51. Rc6 Ra8 52. Rxc4 Rxa4 53. Rb1 Ra3+ 54. Kg4 Rf7 55. Rbc1 Kh6 0-1

[Event "GRE-chT 47th"]
[Site "Patras"]
[Date "2019.07.05"]
[Round "6.1"]
[White "Gavriil, Odysseas Panagiotis"]
[Black "Chatzieleftheriou, Andreas"]
[Result "1-0"]
[WhiteElo "2038"]
[BlackElo "2208"]
[PlyCount "121"]
[EventDate "2019.07.02"]
[EventType "team-swiss"]
[EventRounds "7"]
[EventCountry "GRE"]
[SourceTitle "CBM 191 Extra"]
[Source "ChessBase"]
[SourceDate "2019.09.30"]
[SourceVersion "1"]
[SourceVersionDate "2019.09.30"]
[SourceQuality "1"]
[WhiteTeam "Amo Galaxias"]
[BlackTeam "Nikaia Fysiolatris"]
[WhiteTeamCountry "GRE"]
[BlackTeamCountry "GRE"]

1. Nf3 d5 2. b3 c5 3. e3 Nc6 4. Bb5 Nf6 5. Bb2 Bg4 6. h3 Bxf3 7. Bxc6+ bxc6 8. Qxf3 Qc7 9. 0-0 e5 10. d3 Bd6 11. c4 0-0 12. Nc3 Qb7 13. e4 d4 14. Na4 Qe7 15. Bc1 Ne8 16. Qg4 Nc7 17. f4 exf4 18. Bxf4 Ne6 19. Bxd6 Qxd6 20. Rf5 Rae8 21. Raf1 Re7 22. h4 Kh8 23. h5 h6 24. Qh4 Rb7 25. Qh2 Qe7 26. Qe5 f6 27. Qg3 Rbb8 28. Qg6 Rfe8 29. e5 Nf8 30. Qg4 Nd7 31. exf6 Nxf6 32. Qg3 Qe3+ 33. Qxe3 Rxe3 34. Nxc5 Rbe8 35. a4 Re2 36. b4 Kh7 37. R5f2 Rxf2 38. Rxf2 Ng4 39. Rf1 Re2 40. Nb3 Ne3 41. Nxd4 Rxg2+ 42. Kh1 Rg4 43. Rf3 Nxc4 44. Nxc6 Nb2 45. a5 a6 46. Kh2 Rg5 47. Nb8 Rxh5+ 48. Rh3 Rb5 49. Nxa6 g5 50. d4 Nc4 51. Rc3 Nxa5 52. Rc5 Rb6 53. Rxa5 Rd6 54. d5 Kg6 55. Rc5 Kf5 56. Nc7 Ke5 57. b5 Rd8 58. Rc6 h5 59. b6 h4 60. Re6+ Kf4 61. Re8 1-0

[Event "GRE-chT 47th"]
[Site "Patras"]
[Date "2019.07.05"]
[Round "5.2"]
[White "Koutlas, Nikolaos"]
[Black "Gavriil, Odysseas Panagiotis"]
[Result "1-0"]
[WhiteElo "1969"]
[BlackElo "2038"]
[PlyCount "55"]
[EventDate "2019.07.02"]
[EventType "team-swiss"]
[EventRounds "7"]
[EventCountry "GRE"]
[SourceTitle "CBM 191 Extra"]
[Source "ChessBase"]
[SourceDate "2019.09.30"]
[SourceVersion "1"]
[SourceVersionDate "2019.09.30"]
[SourceQuality "1"]
[WhiteTeam "Heraklion OF"]
[BlackTeam "Amo Galaxias"]
[WhiteTeamCountry "GRE"]
[BlackTeamCountry "GRE"]

1. c4 b6 2. Nc3 Bb7 3. e4 e5 4. d3 Bc5 5. g3 f5 6. Bg2 Nf6 7. Nf3 d6 8. exf5 Qd7 9. 0-0 Nc6 10. Ng5 0-0 11. Ne6 Rf7 12. Nd5 Ne8 13. Qh5 Nd4 14. Ng5 Qxf5 15. Be4 g6 16. Qh4 Ne2+ 17. Kh1 Qd7 18. Nxf7 Qxf7 19. Ne7+ Kf8 20. Bh6+ Ng7 21. Bxb7 Re8 22. f4 exf4 23. Bxf4 Rxe7 24. Bg5 Nf5 25. Bxe7+ Kg7 26. Qf6+ Qxf6 27. Bxf6+ Kxf6 28. g4 1-0

[Event "GRE-ch U14"]
[Site "Patras"]
[Date "2019.06.28"]
[Round "6.2"]
[White "Gavriil, Odysseas Panagiotis"]
[Black "Sifogiannakis, Andreas"]
[Result "1/2-1/2"]
[WhiteElo "2038"]
[BlackElo "1660"]
[PlyCount "150"]
[EventDate "2019.06.25"]
[EventType "swiss"]
[EventRounds "9"]
[EventCountry "GRE"]
[SourceTitle "EXT 2020"]
[Source "ChessBase"]
[SourceDate "2019.10.17"]
[SourceVersion "1"]
[SourceVersionDate "2019.10.17"]
[SourceQuality "1"]
[WhiteTeam "Greece"]
[BlackTeam "Greece"]
[WhiteTeamCountry "GRE"]
[BlackTeamCountry "GRE"]

1. e4 e5 2. Nc3 Nc6 3. Bc4 Nf6 4. d3 Bc5 5. f4 d6 6. Na4 Bb6 7. Nxb6 axb6 8. Nf3 exf4 9. Bxf4 Na5 10. Bb3 Nxb3 11. axb3 Bg4 12. 0-0 h6 13. h3 Rxa1 14. Qxa1 Bxf3 15. Rxf3 0-0 16. Qf1 Nd7 17. d4 Re8 18. Qd3 Qh4 19. Qc4 Rxe4 20. Bg3 Qe7 21. Qxc7 Rxd4 22. Qxb7 Qe6 23. Qc8+ Kh7 24. Qc3 Qd5 25. Kh2 Ne5 26. Rf2 Qc5 27. Qxc5 bxc5 28. c3 Rd3 29. Bxe5 dxe5 30. Rxf7 Rd2 31. Re7 Re2 32. Kg3 e4 33. Re6 Rxb2 34. Rxe4 Rxb3 35. Rc4 Rb5 36. Kf3 h5 37. g4 h4 38. g5 Kg6 39. Kg4 Ra5 40. Kxh4 Kf5 41. Kh5 Rb5 42. g6 Ra5 43. Rg4 Ra3 44. Rg5+ Kf4 45. Rxc5 Ra8 46. Rc4+ Kf5 47. Kh4 Kxg6 48. Kg4 Ra5 49. Rc6+ Kf7 50. c4 Ra4 51. Kf5 Ra1 52. Rc7+ Kf8 53. c5 Rh1 54. Ke6 Re1+ 55. Kd6 Rd1+ 56. Kc6 Rh1 57. Rc8+ Kf7 58. Rh8 g5 59. Rh5 Kg6 60. Rh8 Kg7 61. Rd8 Rxh3 62. Rd5 Kg6 63. Kd6 Rh6 64. c6 Kh5+ 65. Kd7 Kh4 66. c7 Rh8 67. Kc6 Rc8 68. Kb7 Rxc7+ 69. Kxc7 g4 70. Kd6 g3 71. Ke5 g2 72. Rd1 Kg3 73. Ke4 Kh2 74. Kf3 g1Q 75. Rxg1 Kxg1 1/2-1/2

[Event "GRE-ch U14"]
[Site "Patras"]
[Date "2019.06.28"]
[Round "5.2"]
[White "Gavriil, Odysseas Panagiotis"]
[Black "Stefanou, Konstantinos"]
[Result "1-0"]
[WhiteElo "2038"]
[BlackElo "1918"]
[PlyCount "113"]
[EventDate "2019.06.25"]
[EventType "swiss"]
[EventRounds "9"]
[EventCountry "GRE"]
[SourceTitle "EXT 2020"]
[Source "ChessBase"]
[SourceDate "2019.10.17"]
[SourceVersion "1"]
[SourceVersionDate "2019.10.17"]
[SourceQuality "1"]
[WhiteTeam "Greece"]
[BlackTeam "Greece"]
[WhiteTeamCountry "GRE"]
[BlackTeamCountry "GRE"]

1. Nf3 d5 2. g3 Nf6 3. Bg2 e6 4. 0-0 Be7 5. d3 0-0 6. Nbd2 c5 7. Re1 Nc6 8. e4 b6 9. e5 Nd7 10. Nf1 Bb7 11. h4 Re8 12. N1h2 b5 13. h5 a5 14. Bf4 b4 15. Ng4 a4 16. Qd2 Nd4 17. Nxd4 cxd4 18. b3 axb3 19. axb3 Qc8 20. Rxa8 Bxa8 21. Qc1 Bb7 22. Bf3 Qc5 23. Bd1 Bc6 24. h6 g6 25. Bg5 f5 26. Nh2 Bb7 27. Nf3 Nb8 28. Bxe7 Qxe7 29. Nxd4 Rf8 30. f4 Rc8 31. Qe3 Ba6 32. Bf3 Kf7 33. Qf2 Qc5 34. Ra1 Rc7 35. Bd1 Bb7 36. Ra2 Nc6 37. Nxc6 Qxc6 38. Qd4 Qc3 39. Qxc3 bxc3 40. d4 Ke7 41. Kf2 Kd7 42. Ra5 Bc6 43. Be2 Rb7 44. Rc5 Ra7 45. Rxc3 Ra1 46. Rc5 Rb1 47. Ra5 Bb7 48. Ba6 Kc7 49. Bxb7 Kxb7 50. Rb5+ Kc7 51. c4 Rb2+ 52. Kf3 Kc6 53. Rc5+ Kd7 54. cxd5 Rxb3+ 55. Kg2 exd5 56. Rxd5+ Ke7 57. Ra5 1-0

[Event "Thessaloniki/Chalkidiki-chT"]
[Site "Thessaloniki/Chalkidiki"]
[Date "2019.03.03"]
[Round "7.8"]
[White "Gavriil, Odysseas Panagiotis"]
[Black "Papadokokolakis, Panagiotis"]
[Result "1-0"]
[WhiteElo "2079"]
[BlackElo "1659"]
[PlyCount "73"]
[EventDate "2019.01.13"]
[EventType "team-tourn"]
[EventRounds "9"]
[EventCountry "GRE"]
[SourceTitle "EXT 2020"]
[Source "ChessBase"]
[SourceDate "2019.10.17"]
[SourceVersion "1"]
[SourceVersionDate "2019.10.17"]
[SourceQuality "1"]
[WhiteTeam "Galaxias"]
[BlackTeam "Polygyrou ASO"]
[WhiteTeamCountry "GRE"]
[BlackTeamCountry "GRE"]

1. e4 Nf6 2. e5 Nd5 3. d4 d6 4. Nf3 Bf5 5. Be2 Nc6 6. 0-0 e6 7. c4 Nde7 8. Qb3 Rb8 9. Nc3 dxe5 10. dxe5 Ng6 11. Bg5 Be7 12. Rad1 Qc8 13. Bxe7 Ngxe7 14. Nb5 0-0 15. Qe3 a6 16. Nbd4 Bg6 17. Nxc6 Nxc6 18. Nd4 Nxd4 19. Rxd4 Rd8 20. Rfd1 Rxd4 21. Qxd4 Kf8 22. Bf3 Ke8 23. Qc5 c6 24. h4 h6 25. b4 Bc2 26. Rd2 Bb1 27. a3 Qc7 28. Rd6 Rd8 29. b5 Rxd6 30. exd6 Qa5 31. Qa7 Qe1+ 32. Kh2 Qe5+ 33. g3 Qxd6 34. Qxb7 cxb5 35. cxb5 Qd4 36. bxa6 Qxf2+ 37. Bg2 1-0

[Event "Wch U14"]
[Site "Porto Carras"]
[Date "2018.10.26"]
[Round "7"]
[White "Gavriil, Odysseas Panagiotis"]
[Black "Czopor, Maciej"]
[Result "1-0"]
[WhiteElo "2009"]
[BlackElo "2219"]
[PlyCount "135"]
[EventDate "2018.10.20"]
[EventType "swiss"]
[EventRounds "11"]
[EventCountry "GRE"]
[SourceTitle "CBM 187 Extra"]
[Source "ChessBase"]
[SourceDate "2018.11.04"]
[SourceVersion "1"]
[SourceVersionDate "2018.11.04"]
[SourceQuality "1"]

1. d4 Nf6 2. c4 e6 3. Nc3 Bb4 4. e3 0-0 5. Bd3 d5 6. Nf3 c5 7. 0-0 Nc6 8. a3 Bxc3 9. bxc3 dxc4 10. Bxc4 Qc7 11. Bd3 e5 12. Qc2 Re8 13. e4 Nd7 14. Be3 b6 15. d5 Nd8 16. Nd2 f6 17. a4 a5 18. f4 Nf7 19. f5 Nd6 20. Nc4 Nxc4 21. Bxc4 Qd6 22. g4 h6 23. Rf3 Nf8 24. h4 Nh7 25. Rb1 Bd7 26. Rf2 Rab8 27. Bb5 Nf8 28. Qd3 Kf7 29. Rfb2 Rec8 30. Qc4 Rc7 31. Kf2 Bxb5 32. Rxb5 Nd7 33. Rg1 Rh8 34. Ke1 Rcc8 35. Rb2 Rb8 36. Rbg2 Rbg8 37. Kd1 Rh7 38. Kc1 Rgh8 39. Qb5 Rg8 40. Qc6 Ke7 41. g5 hxg5 42. hxg5 Rf8 43. gxf6+ gxf6 44. Rg7+ Rf7 45. Rxh7 Rxh7 46. Rg8 Rh1+ 47. Kc2 Qxc6 48. dxc6 Kd6 49. cxd7 Kxd7 50. Rb8 Kc7 51. Rf8 Rh4 52. Rf7+ Kd8 53. Rxf6 Rxe4 54. Bg5 Rxa4 55. Rxb6+ Ke8 56. Re6+ Kf7 57. Re7+ Kf8 58. Rxe5 Rg4 59. Be7+ Kf7 60. Bxc5 a4 61. Re2 Kf6 62. Rf2 Rc4 63. Bd4+ Kf7 64. f6 Rc8 65. Kb1 Ra8 66. Ka2 Ra6 67. Ka3 Ra8 68. Rb2 1-0

[Event "Wch U14"]
[Site "Porto Carras"]
[Date "2018.10.22"]
[Round "4"]
[White "Gombocz, Ferenc Jr"]
[Black "Gavriil, Odysseas Panagiotis"]
[Result "1-0"]
[WhiteElo "2271"]
[BlackElo "2009"]
[PlyCount "73"]
[EventDate "2018.10.20"]
[EventType "swiss"]
[EventRounds "11"]
[EventCountry "GRE"]
[SourceTitle "CBM 187 Extra"]
[Source "ChessBase"]
[SourceDate "2018.11.04"]
[SourceVersion "1"]
[SourceVersionDate "2018.11.04"]
[SourceQuality "1"]

1. c4 Nf6 2. g3 g6 3. Bg2 Bg7 4. Nc3 0-0 5. e4 c5 6. Nge2 Nc6 7. d3 d6 8. 0-0 a6 9. h3 Ne8 10. Be3 Bd7 11. d4 cxd4 12. Nxd4 Nc7 13. Rb1 Ne6 14. Nde2 a5 15. a3 Ne5 16. b3 Bc6 17. f4 Nd7 18. Qc2 f5 19. Nd5 Bxd5 20. exd5 Nc7 21. Bd4 Nf6 22. Rfe1 e6 23. Bb6 Ra6 24. Bxc7 Qxc7 25. dxe6 Qc5+ 26. Kh2 d5 27. Nc3 d4 28. Nb5 Ne8 29. e7 Rff6 30. Bxb7 Rad6 31. b4 axb4 32. axb4 Qb6 33. Nxd6 Qxd6 34. Qa4 Qb8 35. Bc6 Qc8 36. Bxe8 Ra6 37. Bf7+ 1-0